Loading...
| Current Events | 6 | 13.33 | 100% | 50% | 0% |
| Fine Arts - Classical Music | 9 | 20.00 | 100% | 89% | 11% |
| Fine Arts - Other Fine Arts | 6 | 16.67 | 100% | 50% | 17% |
| Fine Arts - Painting & Sculpture | 11 | 14.55 | 100% | 46% | 0% |
| Geography | 4 | 12.50 | 75% | 50% | 0% |
| History - American History | 5 | 18.00 | 100% | 60% | 20% |
| History - European History | 10 | 18.00 | 100% | 60% | 20% |
| History - Other History | 10 | 14.00 | 100% | 30% | 10% |
| History - World History | 8 | 16.25 | 100% | 50% | 13% |
| Literature - American Literature | 9 | 12.22 | 100% | 22% | 0% |
| Literature - British Literature | 9 | 13.33 | 89% | 44% | 0% |
| Literature - European Literature | 8 | 12.50 | 88% | 25% | 13% |
| Literature - World Literature | 6 | 16.67 | 100% | 50% | 17% |
| Mythology | 3 | 13.33 | 100% | 33% | 0% |
| Other Academic | 6 | 11.67 | 67% | 50% | 0% |
| Philosophy | 7 | 14.29 | 100% | 43% | 0% |
| Religion | 6 | 20.00 | 100% | 83% | 17% |
| Science - Biology | 5 | 16.00 | 100% | 60% | 0% |
| Science - Chemistry | 7 | 17.14 | 86% | 71% | 14% |
| Science - Other Science | 8 | 11.25 | 100% | 13% | 0% |
| Science - Physics | 5 | 16.00 | 100% | 20% | 40% |
| Social Science | 9 | 18.89 | 100% | 67% | 22% |